Statistics for RE GCSE 1- Sunni and Shia Islam's beliefs

Click here to take the quiz!

General Stats

  • This quiz has been taken 15 times
  • The average score is 5 of 11

Answer Stats

HintAnswer% Correct
Shia- NubuwwahProphets
78%
Sunni- NubuwwahProphets
78%
Sunni- MalaikahAngels
67%
Sunni- TawhidOneness of Allah
44%
Shia- TawhidOneness of Allah
44%
Sunni- Al-QadrPredestination
44%
Sunni- KutubBooks
33%
Shia- AdalatJustice
33%
Sunni- AkhirahDay of Judgement
22%
Shia- Al Ma'adThe Day of Resurrection
11%
Shia- ImamateAuthority of Imams
0%

Score Distribution

Percentile by Number Answered

Percent of People with Each Score

Your Score History

You have not taken this quiz